Aktuárske metódy a modely v systéme dôchodkového poistenia diplomová práca

Guardado en:
Detalles Bibliográficos
Autor principal: Homolová, Nikoleta
Autor Corporativo: Fakulta hospodárskej informatiky EU. Katedra matematiky a aktuárstva
Otros Autores: Škrovánková, Lea, 1954-
Formato: Libro
Lenguaje:eslovaco
Publicado: Bratislava 2022
Etiquetas: Agregar Etiqueta
Sin Etiquetas, Sea el primero en etiquetar este registro!

MARC

LEADER 00000nbm a2200000 4500
001 0284394
005 20230202094816.2
041 0 |a slo 
044 |a SK 
245 1 0 |a Aktuárske metódy a modely v systéme dôchodkového poistenia  |b diplomová práca  |c Nikoleta Homolová ; školiteľ: Lea Škrovánková 
264 1 |a Bratislava  |c 2022 
300 |a 63 s. 
100 1 |a Homolová, Nikoleta 
700 1 |a Škrovánková, Lea, 1954- 
710 2 |a Fakulta hospodárskej informatiky EU. Katedra matematiky a aktuárstva